000 00307pab a2200109 454500
008 180718b xxu||||| |||| 00| 0 eng d
100 _aVerghese, B.G
245 _aJammu and Kashmir - time for fresh initiatives as militancy winds down
650 _aJammu and Kashmir
773 _aIndian Express
909 _a21811
999 _c21811
_d21811